书目信息 |
| 题名: |
天助与天惩:气象影响战争事例选编
|
|
| 作者: | 于德湘 , 张国杰 主编 | |
| 分册: | ||
| 出版信息: | 北京 科学出版社 1999.09 |
|
| 页数: | 193页 | |
| 开本: | 32开 | |
| 丛书名: | ||
| 单 册: | ||
| 中图分类: | E915 | |
| 科图分类: | ||
| 主题词: | 军事技术--基础科学 | |
| 电子资源: | ||
| ISBN: | 7-03-007361-4 | |
| 000 | 00665nam0 2200205 45 | |
| 001 | 0008031068 | |
| 005 | 20001219094548.8 | |
| 010 | @a7-03-007361-4@d15.00元 | |
| 100 | @a20000803d1999 km y0chiy0120 ea | |
| 101 | 0 | @achi |
| 105 | @a z 000yy | |
| 200 | 1 | @a天助与天惩:气象影响战争事例选编@ATian Zhu Yu TianCheng:Qi Xiang Ying Xiang Zhan Zheng Shi Li Xuan Bian@f于德湘,张国杰主编@FYu De Xiang,Zhang Guo Jie Zhu Bian |
| 210 | @a北京@c科学出版社@d1999.09 | |
| 215 | @a193页@d32开 | |
| 606 | 0 | @a军事技术@x基础科学 |
| 690 | @aE915@v3 | |
| 701 | 0 | @a于德湘@4主编 |
| 701 | 0 | @a张国杰@4主编 |
| 801 | @aCN@bPftUser@c20000803 | |
| 905 | @dE915@eY884@b308893-897@f5 | |
| 天助与天惩:气象影响战争事例选编/于德湘,张国杰主编.-北京:科学出版社,1999.09 |
| 193页;32开 |
| ISBN 7-03-007361-4:15.00元 |
| ● |
| 相关链接 |
|
|
|
正题名:天助与天惩:气象影响战争事例选编
索取号:E915/Y884
 
预约/预借
| 序号 | 登录号 | 条形码 | 馆藏地/架位号 | 状态 | 备注 |
| 1 | 308893 | 203088933 | 社科库509/509社科库 125排1列2层/ [索取号:E915/Y884] | 在馆 | |
| 2 | 308894 | 203088942 | 社科库509/509社科库 125排1列2层/ [索取号:E915/Y884] | 在馆 | |
| 3 | 308895 | 203088951 | 社科库509/509社科库 125排1列2层/ [索取号:E915/Y884] | 在馆 | |
| 4 | 308896 | 203088960 | 社科库509/509社科库 125排1列2层/ [索取号:E915/Y884] | 在馆 | |
| 5 | 308897 | 203088979 | 社科库509/509社科库 125排1列2层/ [索取号:E915/Y884] | 在馆 |